International Law / (Record no. 74604)

MARC details
000 -LEADER
fixed length control field 00952nam a22002777a 4500
005 - DATE AND TIME OF LATEST TRANSACTION
control field 20180226112328.0
010 ## - LCCN (DPL NO)
LC control number ENG-106876
020 ## - INTERNATIONAL STANDARD BOOK NUMBER
International Standard Book Number 9780230323858
Terms of availability 395.00
020 ## - INTERNATIONAL STANDARD BOOK NUMBER
International Standard Book Number 9780230323858
Terms of availability 495.00 (AV)
035 ## - SYSTEM CONTROL NUMBER
System control number EN-90409
035 ## - SYSTEM CONTROL NUMBER
System control number B-528940
035 ## - SYSTEM CONTROL NUMBER
System control number B-664878
037 ## - SOURCE OF ACQUISITION
Source of stock number/acquisition DBAD/PUB
037 ## - SOURCE OF ACQUISITION
Source of stock number/acquisition Mallika Books/Ven
Stock number dpl
082 ## - DEWEY DECIMAL CLASSIFICATION NUMBER
Classification number 341
100 ## - MAIN ENTRY--PERSONAL NAME
Personal name Gurdip Singh
245 ## - TITLE STATEMENT
Title International Law /
Statement of responsibility, etc by Gurdip Singh ; assisted by Amrita Bahri
250 ## - EDITION STATEMENT
Edition statement 2nd ed
260 ## - PUBLICATION, DISTRIBUTION, ETC. (IMPRINT)
Place of publication, distribution, etc Gurgaon
Name of publisher, distributor, etc Macmillan Publishers
Date of publication, distribution, etc 2011
270 ## - ADDRESS
Address 3A, 5th Floor, DLF Corporate Park
City Gurgaon
Postal code 122002
300 ## - PHYSICAL DESCRIPTION
Extent xiv,610p.
Dimensions 24cm(pbk)
500 ## - GENERAL NOTE
General note Includes index
942 ## - ADDED ENTRY ELEMENTS (KOHA)
Source of classification or shelving scheme Dewey Decimal Classification
Item type English Books
Classification part 341
Call number suffix GUR
Holdings
Withdrawn status Lost status Not for loan Collection code Home library Current library Date acquired Source of acquisition Cost, normal purchase price Full call number Barcode Copy number Cost, replacement price Koha item type
      Non-fiction Ashok Vihar Ashok Vihar 26/02/2018 Mallika Books/61/4.3.2017/356/15.2.2017/7.3.2017 495.00 341 GUR B-664878 1 495.00 English Books
      Non-fiction Central Library Central Library 06/06/2014 Mallika Books/74/29.10.2013/33/10.10.2013/02.12.2013 395.00 341 GUR B-528940 1 395.00 English Books
    Not For Loan Non-fiction D.B.Act.Division D.B.Act.Division 16/04/2013 DBAD/PUB 395.00 341 GUR EN-90409 1 395.00 English Books

© Delhi Public Library
Hit Counter
free hit counter